<?xml version="1.0" encoding="UTF-8"?>
<marc:record xmlns:marc="http://www.loc.gov/MARC21/slim">
   <marc:leader>00000nam a2200000 a 4500</marc:leader>
   <marc:datafield ind1="1" ind2=" " tag="100">
      <marc:subfield code="a">Nürnberger, Christian</marc:subfield>
      <marc:subfield code="4">aut</marc:subfield>
      <marc:subfield code="e">Verfasser/-in</marc:subfield>
   </marc:datafield>
   <marc:datafield ind1="1" ind2=" " tag="100">
      <marc:subfield code="a">Gerster, Petra</marc:subfield>
      <marc:subfield code="4">aut</marc:subfield>
      <marc:subfield code="e">Verfasser/-in</marc:subfield>
   </marc:datafield>
   <marc:datafield ind1=" " ind2=" " tag="653">
      <marc:subfield code="a">Religion</marc:subfield>
   </marc:datafield>
   <marc:datafield ind1=" " ind2=" " tag="653">
      <marc:subfield code="a">Biografie</marc:subfield>
   </marc:datafield>
   <marc:datafield ind1="0" ind2="0" tag="245">
      <marc:subfield code="a">Der rebellische Mönch, die entlaufene Nonne und der größte Bestseller aller Zeiten</marc:subfield>
   </marc:datafield>
   <marc:datafield ind1="0" ind2="0" tag="245">
      <marc:subfield code="b">Martin Luther</marc:subfield>
   </marc:datafield>
   <marc:datafield ind1="0" ind2="0" tag="245">
      <marc:subfield code="c">Christian Nürnberger und Petra Gerster</marc:subfield>
   </marc:datafield>
   <marc:datafield ind1=" " ind2="1" tag="264">
      <marc:subfield code="a">Stuttgart</marc:subfield>
      <marc:subfield code="b">Thienemann-Esslinger</marc:subfield>
      <marc:subfield code="c">2016</marc:subfield>
   </marc:datafield>
   <marc:datafield ind1="1" ind2=" " tag="520">
      <marc:subfield code="a">Fast im Stil eines Romans beschreiben die Autoren das Schaffen Luthers und seine Verdienste um eine neue Weltordnung und die Vereinheitlichung der deutschen Sprache. Im Unterschied zu allen anderen Büchern über Martin Luther betonen Nürnberger - Gerstner die wichtige Rolle, die Katharina von Bora gespielt hat. Sie beschreiben hier eine mutige, intelligente Frau, die nicht nur die häuslichen Pflichten der Ehefrau übernommen hat. Die Autoren verschweigen auch Luthers Fehler nicht, weisen aber darauf hin, dass es im Sinne Luthers auch für Protestanten keine Dogmen gibt bzw. diese immer infrage gestellt werden sollten. Dieser teilweise illustrierte Band wendet sich an Jugendliche ab ca. 14 Jahren und an alle interessierten Leserinnen und Leser.||||||||||||||||||||</marc:subfield>
   </marc:datafield>
   <marc:datafield ind1=" " ind2=" " tag="020">
      <marc:subfield code="a">9783522304191</marc:subfield>
      <marc:subfield code="9">9783522304191</marc:subfield>
   </marc:datafield>
   <marc:datafield ind1=" " ind2=" " tag="020">
      <marc:subfield code="a">3522304195</marc:subfield>
      <marc:subfield code="9">3522304195</marc:subfield>
   </marc:datafield>
   <marc:datafield ind1=" " ind2=" " tag="300">
      <marc:subfield code="a">208 S. : Ill.</marc:subfield>
   </marc:datafield>
</marc:record>
